| 000 | 01863nam0a2200421 4500 | ||
|---|---|---|---|
| 001 | RU\NLR\bibl\338851 | ||
| 005 | 20260406160754.0 | ||
| 010 |
_a5-7853-0208-X _bВ пер. _921000 |
||
| 021 |
_aRU _b2002-40768 _91985 |
||
| 035 | _a(NLR Aleph) 000333737 | ||
| 090 |
_a173109 _c173109 |
||
| 100 | _a20021104d2002 |||y0rusy50 ca | ||
| 101 | 0 |
_arus _afre |
|
| 102 | _aRU | ||
| 105 | _aa ||||||||| | ||
| 200 | 1 |
_aСиняя птица _eУчеб. фр. яз. для 6 кл. общеобразоват. учреждений _fН.А. Селиванова, А.Ю. Шашурина _gХудож. В. Гальдяев |
|
| 205 | _a7-е изд. | ||
| 210 |
_aМ. _cПросвещение _cМоск. учебники _d2002 |
||
| 215 |
_a268, [2] с. _cцв. ил. _d22 |
||
| 300 | _aНа пер. : L'oiseau bleu. 6 / N. Selivanova, A. Chachourina | ||
| 512 | 1 |
_6z45790 _aL'oiseau bleu. 6 |
|
| 606 | 0 |
_aФранцузский язык _jУчебники для средней школы _91524672 _3RU\NLR\auth\66964829 |
|
| 610 | 0 | _aФранцузский язык | |
| 675 |
_a373.167.1:811.133.1 _v3 _zrus |
||
| 675 |
_a811.133.1(075.3) _v3 _zrus |
||
| 686 |
_a14.25 _2rugasnti |
||
| 686 |
_a81.2Фр-922 _2rubbk |
||
| 686 | _aШ147.11-93рус21[6] | ||
| 700 | 1 |
_4070 _7ca _8rus _aСеливанова _bН. А. _f1970- _gНаталья Алексеевна _9118267 _3RU\NLR\AUTH\778357 |
|
| 701 | 1 |
_4070 _7ca _8rus _aШашурина _bА. Ю. _f1970- _gАлла Юрьевна _9118270 _3RU\NLR\AUTH\778360 |
|
| 790 | 1 |
_4070 _7ba _8rus _aSelivanova _bN. А. _f1970- _gNatal'ja Alekseevna _9193223 _3RU\NLR\AUTH\770193274 |
|
| 790 | 1 |
_4070 _7ba _8rus _aŠašurina _bA. J. _f1970- _gAlla Jur'evna _9118283 _3RU\NLR\AUTH\778374 |
|
| 801 | 0 |
_aRU _bRKP _c20021104 _gPSBO |
|
| 801 | 1 |
_aRU _bRKP _c20021104 |
|
| 801 | 2 |
_aRU _bNLR _c20050412 _grcr |
|
| 942 | _cBOOK | ||
| 980 | _aNB | ||